[Event "8th Dolomiti Open 2017"]
[Site "Forni di Sopra"]
[Date "2017.06.13"]
[Round "4.11"]
[White "Seresin, Francesco"]
[Black "Molina, Fabrizio"]
[Result "1-0"]
[WhiteElo "2280"]
[BlackElo "2237"]
[Annotator "TA"]
[PlyCount "109"]
[EventDate "2017.??.??"]
[EventType "swiss"]
[EventCountry "ITA"]
[SourceTitle "playchess.com"]
[Source "ChessBase"]
[SourceQuality "1"]

{[%evp 17,109,36,50,36,42,31,29,29,47,36,54,29,52,23,23,22,19,16,22,9,15,0,4,-39,-37,-85,-74,-90,-64,-58,-46,-89,-36,-45,-17,-12,-4,-19,-18,-72,8,22,31,0,34,18,22,20,15,0,0,0,0,0,0,0,6,-6,7,0,26,29,97,106,94,26,21,28,27,0,0,0,0,0,195,197,269,170,177,168,145,146,264,247,452,206,1590,1591,29977,29978,29978,29979,2729,736]} 1. d4 d6 2. g3 Nf6 3. Bg2 Nbd7 4. Nf3 c6 5. c4 e5 6. Nc3 Be7 7. O-O O-O 8. e4 Re8 9. Re1 Bf8 10. h3 {A55: Old Indian Defence with Nf3 and e4} a6 11. a4 a5 12. Be3 {White has an edge.} Qc7 (12... exd4 13. Nxd4 Nc5 14. Qc2 g6 15. Rad1 Qb6 16. Kh2 Bd7 17. f4 Rad8 {½-½ (42) Ofitserian,B (2365)-Atabayev,M (2492) Moscow 2017}) 13. Qc2 Nb8 14. Rad1 Na6 15. b3 (15. c5 $5) 15... Nd7 $146 {[%cal Bf6d7,Bd7f8,Bf8e6][%mdl 32]} ({Predecessor:} 15... h6 16. Qe2 Be6 17. Nd2 Nb4 18. Rc1 exd4 19. Bxd4 {½-½ (41) Neffe,A-Ljubarskij,J (2305) Hamburg 1993}) 16. Qb1 g6 17. Kh2 Bg7 18. Ne2 Rb8 19. Rc1 Nf8 20. c5 dxc5 $1 21. dxc5 Ne6 22. Ng5 Qe7 23. Nxe6 Bxe6 24. Bf1 Red8 (24... f5 $17 25. exf5 Bxf5) 25. Ng1 $1 $15 Nb4 26. Nf3 h6 27. Nd2 f5 28. Nc4 (28. exf5 $11 gxf5 29. Nc4) 28... Kh7 (28... f4 $1 $17 {[%cal Rf4e3]} 29. gxf4 exf4 30. Bxf4 Qxc5) 29. Nd6 $11 {[%cal Re4f5]} fxe4 30. Nxe4 Bd5 31. Red1 Rf8 32. Bg2 Qe6 33. Rc3 Rbd8 34. Re1 Rd7 35. h4 Bxe4 36. Qxe4 Nd5 37. Rcc1 (37. Rc4 $5 {[%cal Rg2h3]}) 37... Nf6 $132 {[%mdl 2048] Black is fighting back} 38. Qc2 Rfd8 39. h5 Rd3 (39... Qg4 $11 {keeps the balance.}) 40. hxg6+ $16 Kxg6 41. Rcd1 (41. Bf1 $16 e4 42. Bxd3 exd3 43. Qd1) 41... Ng4+ 42. Kg1 e4 43. Rxd3 exd3 44. Qd1 Qf5 $1 45. Bf4 {[#] Hoping for Be4.} Nf6 $2 (45... Kf7 $11 {and Black is okay.} 46. Bf3 h5) 46. Bd6 $18 d2 (46... Re8 {keeps fighting.}) 47. Re5 Re8 48. Rxe8 Nxe8 49. Qxd2 {[#] And now Bf1 would win.} Qb1+ (49... Nxd6 $16 50. cxd6 Bf6) 50. Bf1 {Threatens to win with Qe3.} Kf7 $2 (50... h5 51. Kg2 Qe4+ 52. Kg1 Qb1) 51. Kg2 (51. Qe2 $142 Nf6 52. Qe7+ Kg6 53. Qxb7) 51... Nf6 $2 (51... Nxd6 52. Qxd6 Qe4+ 53. Kh2 Bf8 54. Bc4+ Kg7 55. Qc7+ Qe7 56. Qxa5 Qxc5 57. Qc7+ Qe7) 52. Bc4+ Ke8 53. Bd3 Qxb3 54. Bg6+ Kd7 55. Bf8+ {Precision: White = 41%, Black = 30%.} (55. Bf5+ $142 Ke8 56. Qe2+ Kf7 57. Qe7+ Kg8 58. Be6+ Qxe6 59. Qxe6+ Kh7 60. Qf5+ Kh8 61. Qc8+ Ng8 62. Qxb7) 1-0

[Event "8th Dolomiti Open 2017"]
[Site "Forni di Sopra"]
[Date "2017.06.13"]
[Round "4.11"]
[White "Seresin, Francesco"]
[Black "Molina, Fabrizio"]
[Result "*"]
[WhiteElo "2280"]
[BlackElo "2237"]
[Annotator "TA"]
[PlyCount "32"]
[EventDate "2017.??.??"]
[EventType "swiss"]
[EventCountry "ITA"]
[SourceTitle "playchess.com"]
[Source "ChessBase"]
[SourceQuality "1"]

{[%evp 5,5,29]} 1. d4 d6 2. g3 Nf6 3. Bg2 {Predecessor:} g6 $146 4. Nf3 Bg7 5. O-O O-O 6. c4 Nc6 7. Nc3 a6 8. Qd3 Bf5 9. e4 Bg4 10. h3 Bxf3 11. Bxf3 e5 12. d5 Nd4 13. Bg2 Nd7 14. Be3 c5 15. dxc6 bxc6 16. Na4 Rb8 {0-1 (41) Nielsen,P (2680)-Svidler,P (2739) Copenhagen 2010} *

[Event "8th Dolomiti Open 2017"]
[Site "Forni di Sopra"]
[Date "2017.06.13"]
[Round "4.12"]
[White "Kiefer, Gerhard"]
[Black "Bettalli, Francesco"]
[Result "1/2-1/2"]
[WhiteElo "2259"]
[BlackElo "2182"]
[Annotator "ChessBase"]
[PlyCount "54"]
[EventDate "2017.??.??"]
[EventType "swiss"]
[EventCountry "ITA"]
[SourceTitle "playchess.com"]
[Source "ChessBase"]
[SourceQuality "1"]
[TimeControl "40/5400+30:1800+30"]

1. e4 {[%emt 0:01:30]} c5 {[%emt 0:01:00]} 2. Nf3 {[%emt 0:00:30]} Nc6 {[%emt 0:00:30]} 3. d4 {[%emt 0:01:30]} cxd4 {[%emt 0:00:00]} 4. Nxd4 {[%emt 0:00:00]} Nf6 {[%emt 0:00:00]} 5. Nc3 {[%emt 0:00:00]} e5 {[%emt 0:00:30]} 6. Ndb5 {[%emt 0:00:00]} d6 {[%emt 0:00:30]} 7. Bg5 {[%emt 0:00:00]} a6 {[%emt 0:00:00]} 8. Na3 {[%emt 0:00:30]} b5 {[%emt 0:00:00]} 9. Bxf6 {[%emt 0:00:00]} gxf6 {[%emt 0:00:30]} 10. Nd5 {[%emt 0:00:00]} f5 {[%emt 0:00:00]} 11. exf5 {[%emt 0:00:00]} Bxf5 {[%emt 0:00:00]} 12. c3 {[%emt 0:00:00]} Bg7 {[%emt 0:00:30]} 13. Nc2 {[%emt 0:00:30]} O-O {[%emt 0:00:30]} 14. Nce3 {[%emt 0:00:00]} Be6 {[%emt 0:00:00]} 15. Bd3 {[%emt 0:00:00]} f5 {[%emt 0:00:00]} 16. Qh5 {[%emt 0:00:30]} e4 {[%emt 0:00:30]} 17. Bc2 {[%emt 0:00:00]} Ne7 {[%emt 0:00:30]} 18. Nf4 {[%emt 0:00:00]} Bf7 {[%emt 0:00:30]} 19. Bb3 {[%emt 0:00:00]} Bxb3 {[%emt 0:09:30]} 20. axb3 {[%emt 0:01:00]} Qd7 {[%emt 0:00:30]} 21. O-O {[%emt 0:00:30] ] O-O [%clk 1:34:0]} Be5 {[%emt 0:00:00]} 22. Ned5 {[%emt 0:04:30]} Rf7 {[%emt 0:07:00]} 23. Nxe7+ {[%emt 0:05:30]} Qxe7 {[%emt 0:00:30]} 24. Nd5 {[%emt 0:00:30]} Qe6 {[%emt 0:00:00]} 25. Rad1 {[%emt 0:45:30]} Kh8 {[%emt 0:11:00]} 26. f4 {[%emt 0:02:30]} Bf6 {[%emt 0:00:30]} 27. b4 {[%emt 0:03:30]} Rg8 {[%emt 0:05:30]} 1/2-1/2